000 00794pam a2200253 a 4500
008
020 _a0471372897 (pbk. )
049 _aMAIN
090 _aHF1416
_bKOT
100 1 _aKotabe, Masaaki.
245 1 0 _aGlobal marketing management /
_cMasaaki Kotabe and Kristiaan Helsen.
250 _a2nd. ed.
260 _aNew York :
_bJ. Wiley & Sons,
_cc2000.
300 _axxiv, 741 p. :
_bill. (some col.) ;
_c26 cm.
504 _aIncludes bibliographical references.
650 0 _aExport marketing
_xManagement.
650 0 _aInternational business enterprises
_xManagement.
700 1 _aHelsen, Kristiaan.
907 _a.b10295264
_b18-11-14
_c03-05-11
003
005 20230123125241.0
040 _cNUST
942 _cBOOKS
_kHF1416
_mKOT
999 _c138323
_d138323